Vật lý hiện đại : (lý thuyết và bài tập)

Enregistré dans:
Détails bibliographiques
Auteur principal: Gautreau, Ronald
Format: Livre
Langue:Vietnamese
Publié: Giáo dục 1998
Tags: Ajouter un tag
Pas de tags, Soyez le premier à ajouter un tag!
Thư viện lưu trữ: Mạng thư viện Đại học Đà Nẵng
LEADER 00651nam a2200253 4500
001 000021701
003 18149
005 20150423080443.0
008 150423s1998 viesd
020 |c 20500 
041 0 |a vie 
082 1 4 |a 539  |b GA-R 
100 1 |a Gautreau, Ronald 
245 1 0 |a Vật lý hiện đại : (lý thuyết và bài tập)  |c Ronald Gautreau, Willam Savin 
260 |b Giáo dục  |c 1998 
300 |a tr.  |c cm. 
OWN |a LSP 
999 |a From the UDN01 
TYP |a Monograph 
TYP |a Printed language 
980 |a Mạng thư viện Đại học Đà Nẵng